00845nam a2200193 a 4500008004100000020001800041050002100059100001900080245009800099260004000197300002200237350000900259650004300268650003700311650004100348995010900389999001700498952013600515070626s2007 ||||||||||||||||| || u a9780821362334 aHD 5856.E852 Mig aQuillin, Bryce10aMigration and Remittances: Eastern Europe and the former Soviet UnioncEdited by Mansoor, Ali aWashington, D. C.bWorld Bankc2007 axviii, 213p.:ill. a0.00 aMIGRANT LABOR--FORMER SOVIET REPUBLICS aMIGRANT LABOUR--EUROPE, EASTERN  aMIGRANT REMITTANCES--EUROPE, EASTERN D0.00FCBU-MAIN LIBRARY (Kitwe)H1I0.00M1UAVAILABLEWJun 26, 2007ZMain Library Open Access Collection c51209d51209 00102lcc4070a001b001cMain Library Open Access Collectiond2022-11-30l0oHD 5856.E852 Migp55519r2022-11-30w2022-11-30y002